000
00302nam a2200121Ia 4500
005
20260328101530.0
008
260328s9999||||xx |||||||||||||| ||und||
100
_a
Prior, Edward
245
0
_a
Arts & Crafts Masterpieces /
_c
Edward Prior
260
_b
Phaidon
650
_a
ARQUITECTURA CIVIL
942
_c
BK
999
_c
9961
_d
9961